Wordsworth and the figurings of the real /

Bibliographic Details
Main Author: Simpson, David, 1951-
Format: Book
Language:English
Published: Atlantic Highlands, N.J. : Humanities Press, 1982.
Subjects:

MARC

Tag First Indicator Second Indicator Subfields
LEADER 00000pam a2200000 a 4500
001 in00000097660
005 20150924085343.0
008 810914s1982 nju b 00110 eng
010 |a  81007126  
020 |a 0391024507 
035 |a (OCoLC)07835746 
035 |9 AAK9284AM 
039 0 |a 2  |b 3  |c 3  |d 3  |e 3 
040 |a DLC  |c DLC  |d TXA  |d UtOrBLW 
049 |a TXAM  |c [1673807] 
050 0 0 |a PR5888  |b  S53 1982 
082 0 |a 821/.7  |2 19 
100 1 |a Simpson, David,  |d 1951- 
245 1 0 |a Wordsworth and the figurings of the real /  |c David Simpson. 
264 1 |a Atlantic Highlands, N.J. :  |b Humanities Press,  |c 1982. 
300 |a xxvii, 183 pages ;  |c 23 cm. 
336 |a text  |b txt  |2 rdacontent 
337 |a unmediated  |b n  |2 rdamedia 
338 |a volume  |b nc  |2 rdacarrier 
500 |a Includes index. 
504 |a Bibliography: pages 176-179. 
600 1 0 |a Wordsworth, William,  |d 1770-1850  |x Criticism and interpretation. 
999 |a MARS 
999 f f |s 15f57a3b-63f9-3057-8871-67efd0236886  |i f767fa31-e091-3bd9-b508-5a1f19e110b0  |t 0 
952 f f |p normal  |a Texas A&M University  |b College Station  |c Sterling C. Evans Library  |d Evans: Library Stacks  |t 0  |e PR5888 S53 1982  |h Library of Congress classification  |i unmediated -- volume  |m A14806017117 
998 f f |a PR5888 S53 1982  |t 0  |l Evans: Library Stacks